Lanean...
| LEADER | 016870000a22004810004500 | ||
|---|---|---|---|
| 020 | |a 81-7276-348-4 | ||
| 082 | |a 294.592 5 P9 | ||
| 100 | |a Munshi, K M; Author | ||
| 240 | |a The book of Vyaasa, the master |l ENG | ||
| 240 | |a The book of Bhima |l ENG | ||
| 240 | |a The book of Satyabhama |l ENG | ||
| 240 | |a The book of Yudhishthira |l ENG | ||
| 240 | |a The five brothers |l ENG | ||
| 240 | |a The magic flute |l ENG | ||
| 240 | |a The wrath of an emperor |l ENG | ||
| 245 | |a Krishnavathara | ||
| 250 | |||
| 260 | |a Mumbai, Bharatiya Vidya Bhavan | ||
| 260 | |c 2009 | ||
| 460 | |a 7v | ||
| 465 | |a Rs. | ||
| 490 | |a 1 | ||
| 490 | |a 2 | ||
| 490 | |a 3 | ||
| 490 | |a 4 | ||
| 490 | |a 5 | ||
| 490 | |a 6 | ||
| 490 | |a 7 | ||
| 490 | |a Bhavan`s book university | ||
| 500 | |a Includes glossary | ||
| 500 | |a K M Munshi | ||
| 650 | |a Bhagavatapurana | ||
| 650 | |a Bhagavatas | ||
| 650 | |a Krishna (Hindu deity) | ||
| 942 | |c BK | ||
| 999 | |c 41463 |d 41463 | ||
| 952 | |0 0 |1 0 |4 0 |6 294_592000000000000_5_P9 |7 0 |8 ENG |9 42036 |a MGUL |b MGUL |d 2013-07-16 |e Rs. |l 1 |m 1 |o 294.592 5 P9 |p 39859 |r 2014-03-22 |s 2014-03-01 |w 2013-07-16 |y BK | ||
| 952 | |0 0 |1 0 |4 0 |7 0 |9 42037 |a MGUL |b MGUL |d 2013-07-16 |l 0 |p 39860 |r 2013-07-16 |w 2013-07-16 |y BK | ||
| 952 | |0 0 |1 0 |4 0 |7 0 |9 42038 |a MGUL |b MGUL |d 2013-07-16 |l 0 |p 39861 |r 2013-07-16 |w 2013-07-16 |y BK | ||
| 952 | |0 0 |1 0 |4 0 |7 0 |9 42039 |a MGUL |b MGUL |d 2013-07-16 |l 0 |p 39862 |r 2013-07-16 |w 2013-07-16 |y BK | ||
| 952 | |0 0 |1 0 |4 0 |7 0 |9 42040 |a MGUL |b MGUL |d 2013-07-16 |l 0 |p 39863 |r 2013-07-16 |w 2013-07-16 |y BK | ||
| 952 | |0 0 |1 0 |4 0 |7 0 |9 42041 |a MGUL |b MGUL |d 2013-07-16 |l 0 |p 39864 |r 2013-07-16 |w 2013-07-16 |y BK | ||
| 952 | |0 0 |1 0 |4 0 |7 0 |9 42042 |a MGUL |b MGUL |d 2013-07-16 |l 0 |p 39865 |r 2013-07-16 |w 2013-07-16 |y BK | ||